| 000 | 02059cam a22003131i 4500 | ||
|---|---|---|---|
| 003 | SA-RiAUC | ||
| 005 | 20251013083312.0 | ||
| 008 | 251010s2014____su g b 000 0 ara c | ||
| 040 |
_aSA-JeALM _bara _cSA-RiAUC _erda |
||
| 082 | 0 | 4 |
_a251 _qSA-RiAUC |
| 090 |
_a251 _bب ر م |
||
| 100 | 1 |
_aالبرماوي، محمد بن عبد الدائم بن موسى، _d763-831 هجري _eمؤلف. |
|
| 245 | 1 | 2 |
_aالنبذة الزكية في القواعد الأصلية ؛ _bمعه، نظمها (1032 بيتا) للمؤلف النبذة الألفية في الأصول الفقهية / _cتأليف البرماوي شمس الدين محمد بن عبد الدائم ؛ تحقيق عبد الله رمضان موسي. |
| 246 | 3 |
_aالنبذة الزكية في القواعد الأصلية ؛ _bمعه، نظمها (ألف اثنان وثلاثون بيتا) للمؤلف النبذة الألفية في الأصول الفقهية |
|
| 250 | _aالطبعة الأولى. | ||
| 264 | 1 |
_aالمدينة المنورة : _aالقاهرة : _bمكتبة دار النصيحة ؛ _bمكتبة التوعية الإسلامية للتحقيق والنشر والبحث العلمي، _c2014 |
|
| 300 |
_a210 صفحة ؛ _c24 سم. |
||
| 336 |
_aنص _btxt _2rdacontent _3كتاب |
||
| 337 |
_aبدون وسيط _bn _2rdamedia |
||
| 338 |
_aمجلد _bnc _2rdacarrier |
||
| 490 | 0 |
_aمن نوادر مخطوطات علم أصول الفقه ؛ _v4 |
|
| 504 | _aيشتمل على ببليوجرافية. | ||
| 650 | 7 |
_aأصول الفقه الإسلامي _2aucsh |
|
| 700 | 1 | 2 |
_iتحقيق لـ : _aالبرماوي، محمد بن عبد الدائم بن موسى، _d763-831 هجري. _tالنبذة الزكية في القواعد الأصلية |
| 700 | 1 | 2 |
_iمع : _aالبرماوي، محمد بن عبد الدائم بن موسى، _d763-831 هجري. _tالنبذة الألفية في الأصول الفقهية |
| 700 | 1 |
_aموسى، عبد الله رمضان _eمحقق. |
|
| 942 |
_2ddc _cBOOK _n0 |
||
| 949 |
_aSA-JeALM _d251010 _umohamedma123 _n1 |
||
| 999 |
_c12512 _d12512 |
||